Next stop (Record no. 79506)
[ view plain ]
| 000 -LEADER | |
|---|---|
| fixed length control field | 00798cab a22001935a 4500 |
| 001 - CONTROL NUMBER | |
| control field | L141482 |
| 008 - FIXED-LENGTH DATA ELEMENTS--GENERAL INFORMATION | |
| fixed length control field | 071127e20071108xxkeo f 000 0 eng d |
| 035 ## - SYSTEM CONTROL NUMBER | |
| System control number | (Sirsi) u141482 |
| 041 0# - LANGUAGE CODE | |
| Language code of text/sound track or separate title | eng |
| 100 1# - MAIN ENTRY--PERSONAL NAME | |
| Personal name | Kolb, Jaffer |
| 245 00 - TITLE STATEMENT | |
| Title | Next stop |
| Remainder of title | Ebbsfleet |
| 260 ## - PUBLICATION, DISTRIBUTION, ETC. | |
| Date of publication, distribution, etc. | 2007 |
| 490 #0 - SERIES STATEMENT | |
| Series statement | Architects' Journal |
| Volume/sequential designation | 226(17) 8 November 2007, 22-27(6) |
| 520 ## - SUMMARY, ETC. | |
| Summary, etc. | With Eurostar moving to St Pancras, this article looks at the impact on regional development across southeast England, and in particular in Ebbsfleet. Outlines development plans for Ebbfleet station, Ebbsfleet Valley, and Eastern Quarry. Also looks at development plans in Stratford, and the new St Pancras station. |
| 590 ## - LOCAL NOTE (RLIN) | |
| Local note | KA |
| 651 #4 - SUBJECT ADDED ENTRY--GEOGRAPHIC NAME | |
| Geographic name | South East (England) |
| 690 ## - LOCAL SUBJECT ADDED ENTRY--TOPICAL TERM (OCLC, RLIN) | |
| Topical term or geographic name as entry element | BUILT ENVIRONMENT-CONSTRUCTION DESIGN |
| 942 ## - ADDED ENTRY ELEMENTS (KOHA) | |
| Suppress in OPAC | 0 |
| Withdrawn status | Lost status | Source of classification or shelving scheme | Damaged status | Not for loan | Home library | Current library | Shelving location | Date acquired | Total Checkouts | Full call number | Barcode | Date last seen | Copy number | Price effective from | Koha item type |
|---|---|---|---|---|---|---|---|---|---|---|---|---|---|---|---|
| Dewey Decimal Classification | London | London | Journal article | 27/11/2007 | L141482 | 141482-1001 | 06/08/2019 | 1 | 06/08/2019 | Journal article |